• 首页
  • 本馆介绍
  • 公告通知
  • 最新文献
  • 馆藏检索
  • 电子资源
  • 读者导购
  • 参考咨询
  • 我的图书馆
  • 登录
  • 详细信息显示
  • 放入我的书架
  • 预约/预借图书
  • 作者相关作品
  • 分类相关作品
  • 丛书相关作品
  • 出版社相关作品

书目信息

  • 表格格式
  • 工作单格式
  • 卡片格式
题名:
夏
    
 
作者: 陶本一 主编
分册:  
出版信息: 北京   语文出版社  1997
页数: 510页
开本: 20cm
丛书名: 走过四季
单 册:
中图分类: I16
科图分类: 42.86
主题词: 散文--世界--选集
电子资源:
ISBN: 7-80126-137-2
000 01006nam0 2200361 450
000 00971nam0 2200349 450
000 00934nam0 2200337 450
000 00869nam0 2200325 450
000 00832nam0 2200313 450
000 00803nam0 2200313 450
000 00749nam0 2200289 450
000 00711nam0 2200277 450
000 00625nam2 2200241 45
001 0198010723
005 20061024095953.38
010    @a7-80126-137-2@dCNY23.70
100    @a19980224d1997 em y0chiy0121 ea
101 1  @achi@cmul
102    @aCN@b110000
105    @af z 000cy
200 10 @a夏@Axia@f陶本一主编@Ftao ben yi zhu bian
210    @a北京@c语文出版社@d1997
215    @a510页@c彩图@d20cm
225 2  @a走过四季
410  0 @120010@a走过四季
606    @a散文@y世界@x选集
690    @aI16@v3
692    @a42.86@v2
701  0 @a陶本一@Atao ben yi@4主编
801  0 @aCN@bNLC@c20061024
905    @aBZT@dI16@e36
906    @d¥19.80@n0@r1
    
    夏/陶本一主编.-北京:语文出版社,1997
    510页:彩图;20cm.-(走过四季)
    
    
    ISBN 7-80126-137-2:CNY23.70
    
●
相关链接 在五车中查询图书 在当当中查询图书 在豆瓣中查询图书


正题名:夏     索取号:I16/36         预约/预借

序号 登录号 条形码 馆藏地/架位号 状态 备注
1 509261   230070409   中心书库中库/打包BH1004/ [索取号:I16/36] 在馆    
2 509262   230070408   中心书库中库/打包BH0995/ [索取号:I16/36] 在馆    
3 509263   230070407   中心书库中库/打包BH0995/ [索取号:I16/36] 在馆    
4 509264   230070406   中心书库中库/打包BH0995/ [索取号:I16/36] 在馆    
5 509265   230070404   中心书库中库/打包BH0995/ [索取号:I16/36] 在馆    
山东省滨州职业学院图书馆 欢迎您!
大连网信软件有限公司© 版权所有